000 00602nam a2200181Ia 4500
008 090124s9999 xx 000 0 und d
082 _b20378
_a1142
100 _aसरडे वि. कृ.
245 _a सहकारी बँकिंगची तोंडओळख
250 _a1
260 _c1974
300 _a162
600 _aसरडे वि. कृ.
630 _a सहकारी बँकिंगची तोंडओळख
700 _aसरडे वि. कृ.
730 _a सहकारी बँकिंगची तोंडओळख
942 _cBOOK
999 _c134184
_d134184